Statistiques concernant Classement général Tour de France 2021

Cliquez ici pour prendre le quiz!

Statistiques générales

  • Ce quiz a été pris 464 fois
  • Le résultat moyen est 11 sur 25

Statistiques - réponses

Position au généralPaysCoureur% Correct
1SlovénieTadej Pogačar
100%
2DanemarkJonas Vingegaard
91%
3ÉquateurRichard Carapaz
89%
11FranceDavid Gaudu
83%
8FranceGuillaume Martin
82%
7KazakhstanAlexey Lutsenko
72%
6EspagneEnric Mas
69%
19BelgiqueWout Van Aert
62%
4AustralieBen O'Connor
61%
10ColombieRigoberto Urán
61%
24EspagneAlejandro Valverde
53%
14Afrique du SudLouis Meintjes
46%
9EspagnePello Bilbao
38%
5Pays-BasWilco Kelderman
36%
20Pays-BasBauke Mollema
28%
15FranceAurélien Paret-Peintre
26%
25ColombieSergio Higuita
23%
13ColombieEsteban Chaves
19%
22FranceFranck Bonnamour
17%
18PortugalRuben Guerreiro
16%
17BelgiqueDylan Teuns
13%
12ItalieMattia Cattaneo
13%
16Pays-BasWout Poels
13%
21ColombieSergio Henao
11%
23EspagneJonathan Castroviejo
9%

Distribution des résultats

Percentile par nombre de réponses

% des personnes avec chaque résultat

Votre développement - résultats

Vous n’avez pas pris ce quiz